000 00698nam a2200265Ia 4500
003 OSt
005 20221006141648.0
006 a|||||r|||| 00| 0
007 ta
008 221006b |||||||| |||| 00| 0 jpn d
020 _c¥1100
024 _a3,739
037 _bGift, Japan Foundation
_cTextual
040 _aEASL
_cEASL
_bjpn
041 _2jpn
_ajpn
082 _aP42,D:4k, L3
100 _aSUZUKI Ichio Ed.
_9646001
245 0 _aHyojun kogo jiten
260 _aTokyo
_bObunsha Japan
_c1973
300 _a736p.
_ccm.
490 _v RR
650 _aJL
942 _hP42,D:4k, L3
_cTEXL
_2CC
999 _c1071825
_d1071825